Missing Word: Bad Movies III Quiz Stats

 Plays Quiz Updated Sep 11, 2017

Challenge
Share
Tweet
Embed
Score 0/18 Timer 05:00
1 Play Today
Movie Missing Word % Correct
Night at the _____: Battle of the SmithsonianMuseum
98%
Scary _____ 5Movie
96.2%
_____ & DogsCats
95.3%
The _____ of the OperaPhantom
93%
Hot Tub _____ Machine 2Time
92.9%
Gnomeo and _____Juliet
90.8%
Evan _____Almighty
87.6%
_____ The Great And PowerfulOz
86.9%
Nacho _____Libre
86.2%
Movie Missing Word % Correct
Law _____ CitizenAbiding
85.9%
_____ PursuitHot
77.8%
The Road to El _____Dorado
73.1%
_____ Be CopsLet's
63.6%
Think Like a _____ TooMan
56.5%
_____ BearBrother
53.8%
Secondhand _____Lions
32.4%
The ____ of AdalineAge
32.2%
Bangkok _____Dangerous
18.7%

Today's Daily Dose

Missing Word
Madam, I'm Adam

Quick Pick
Meat vs Animal

On This Day
October 21st II

You're not logged in!

Compare scores with friends on all Sporcle quizzes.
Join for Free
OR
Log In

You Might Also Like...

Show Comments

Extras

Top Quizzes Today


Score Distribution

Your Account Isn't Verified!

In order to create a playlist on Sporcle, you need to verify the email address you used during registration. Go to your Sporcle Settings to finish the process.

Report this User

Report this user for behavior that violates our Community Guidelines.

Details: